00454 2200157 4500001002100000005001500021035002000036245009000056100002400146300002700170260004300197082000800240084001400248020002200262990001200284INLIS00000000000269220250910112306 a0010-09250000391 aSeri Tokoh Islam :bSyekhah Hajjah Rangkayo Rahma El Yunusiyah /cEndi Aulia Garadian0 aEndi Aulia Garadian a54 hlm ;c14,5 x 21 cm aJakarta :bEmir Cakrawala Islam,c2024 a900 a900 END s a978-623-6698-33-4 a0755330